Evaluation of a written asthma action plan in the management of paediatric asthma at University Malaya Medical Centre, Malaysia /
Saved in:
| 主要作者: | |
|---|---|
| 格式: | Thesis 图书 |
| 语言: | English |
| 出版: |
2010.
|
| 主题: | |
| 标签: |
添加标签
没有标签, 成为第一个标记此记录!
|
| LEADER | 00985cam a2200253 a 4500 | ||
|---|---|---|---|
| 001 | u807413 | ||
| 003 | SIRSI | ||
| 005 | 201101171008 | ||
| 008 | 110117s2010 my t 000 0 eng m | ||
| 040 | |a UMP | ||
| 043 | |a a-my-wp | ||
| 096 | |a WS200 |u M 2010 Won | ||
| 100 | 1 | |a Wong, Su Sien. | |
| 245 | 1 | 0 | |a Evaluation of a written asthma action plan in the management of paediatric asthma at University Malaya Medical Centre, Malaysia / |c Wong Su Sien. |
| 260 | |c 2010. | ||
| 300 | |a x, 33 leaves : |b ill. ; |c 30 cm. | ||
| 502 | |a Dissertation (M. Paed) -- Department of Paediatric Medicine, Faculty of Medicine, University of Malaya. | ||
| 504 | |a Bibliography: leaves 31-33. | ||
| 650 | 1 | 2 | |a Asthma |x prevention & control |z Kuala Lumpur (W. P.). |
| 650 | 2 | 2 | |a Asthma |x therapy |z Kuala Lumpur (W. P.). |
| 710 | 2 | 0 | |a Universiti Malaya. |b Jabatan Pediatrik. |
| 900 | |a RAH | ||
| 596 | |a 2 | ||
| 999 | |a WS200 UM 2010 WON |w NLM |c 1 |i A514530673 |d 27/1/2011 |f 27/1/2011 |g 1 |l TESIS |m P02MEDKL |r Y |s Y |t TESIS |u 27/1/2011 | ||
